Issledovanija operacij v 2-ch tomach
Guardado en:
| Formato: | Libro |
|---|---|
| Lenguaje: | ruso |
| Publicado: |
Moskva
Mir
1981
|
| Etiquetas: |
Sin Etiquetas, Sea el primero en etiquetar este registro!
|
MARC
| LEADER | 00000nam a2200000 4500 | ||
|---|---|---|---|
| 001 | c127813 | ||
| 005 | 20180130091417.1 | ||
| 041 | 0 | |a rus | |
| 044 | |a RU | ||
| 245 | 1 | 0 | |a Issledovanija operacij |b v 2-ch tomach |
| 264 | 1 | |a Moskva |b Mir |c 1981 | |
| 300 | |a 711 s. | ||